| 000 | nam a22 a 4500 | ||
|---|---|---|---|
| 999 |
_c3009 _d3009 |
||
| 003 | AKMAL | ||
| 005 | 20170519090115.0 | ||
| 008 | 170519s1992 -us 00 eng d | ||
| 020 |
_a0256120854: _cfree |
||
| 040 |
_aAKMAL _cAKMAL |
||
| 082 | 0 | 4 | _a658.15 JON |
| 090 |
_a658.15 _bJON |
||
| 100 | 1 |
_aJones, Charles Parker, _d1943- _96287 |
|
| 245 | 1 | 0 |
_aIntroduction to financial management / _cCharles P. Jones |
| 260 |
_aHomewood, IL : _bIrwin, _c1992 |
||
| 300 |
_axxvii, 704p. : _bcol. ill. ; _c26cm. |
||
| 500 | _aIncludes bibliographies | ||
| 650 |
_aCorporations _xFinance _96090 |
||
| 942 |
_2ddc _cBOOK |
||